Normal view
MARC view
- GEOENVIRONMENTAL ENGINEERING.WASTE MATERIALS RECYCLING
Entry Topical Term
001 - CONTROL NUMBER
- control field: 58897
003 - CONTROL NUMBER IDENTIFIER
- control field: NUST
005 - DATE AND TIME OF LATEST TRANSACTION
- control field: 20210628202230.0
008 - FIXED-LENGTH DATA ELEMENTS
- fixed length control field: 210628|| aca||aabn | a|a d
040 ## - CATALOGING SOURCE
- Original cataloging agency: NUST
- Transcribing agency: NUST
150 ## - HEADING--TOPICAL TERM
- Topical term or geographic name entry element: GEOENVIRONMENTAL ENGINEERING.WASTE MATERIALS RECYCLING
670 ## - SOURCE DATA FOUND
- Source citation: Work cat.: (NUST): Sharma , Hari .D ,Reddy , Krishna .R 58896, Geoenvironmental engineering ,site remediation,waste containment, and emerging waste management technologies, 2004
